UBT Library

Cataract surgery and its complications / (Record no. 39854)

000 -LEADER
fixed length control field 00587cam a2200229 a 4500
001 - CONTROL NUMBER
control field 478600
005 - DATE AND TIME OF LATEST TRANSACTION
control field 20180109040214.0
008 - FIXED-LENGTH DATA ELEMENTS--GENERAL INFORMATION
fixed length control field 840222s1984 mouaf b 001 0 eng
010 ## - LIBRARY OF CONGRESS CONTROL NUMBER
LC control number 84004708
020 ## - INTERNATIONAL STANDARD BOOK NUMBER
International Standard Book Number 0801624053
040 ## - CATALOGING SOURCE
Original cataloging agency DLC
Transcribing agency DLC
Modifying agency DLC
041 ## - LANGUAGE CODE
Language code of text/sound track or separate title eng
060 ## - NATIONAL LIBRARY OF MEDICINE CALL NUMBER
Classification number WW 260 J23c
080 ## - UNIVERSAL DECIMAL CLASSIFICATION NUMBER
Universal Decimal Classification number 617.7
082 00 - DEWEY DECIMAL CLASSIFICATION NUMBER
Classification number 617.7 JAF
Edition number 19
100 1# - Rafti
Rafti 5
101 ## - Shkurtesa
Shkurtesa KIR
245 10 - TITLE STATEMENT
Title Cataract surgery and its complications /
Statement of responsibility, etc Norman S. Jaffe.
504 ## - BIBLIOGRAPHY, ETC. NOTE
Bibliography, etc Includes bibliographies and index.
906 ## - LOCAL DATA ELEMENT F, LDF (RLIN)
a 7
b cbc
c orignew
d 1
e ocip
f 19
g y-gencatlg
942 ## - ADDED ENTRY ELEMENTS (KOHA)
Source of classification or shelving scheme
Item type Books
Holdings
Withdrawn status Lost status Source of classification or shelving scheme Damaged status Not for loan Collection code Permanent location Current location Shelving location Date acquired Total Checkouts Full call number Barcode Date last seen Price effective from Koha item type
          Koleksioni i përgjithshem UBT - Lipjan UBT - Lipjan Koleksioni i përgjithshem 01/09/2018   617.7 JAF 002-2995251 01/09/2018 01/09/2018 Books
UBT Library © 2015-2024. All rights reserved University Education for Business and Technology